000 00825nam a22002177a 4500
005 20251108170834.0
008 250721s1992 xx 000 0 ara d
082 1 4 _a709.2/ندو
100 1 _aعلي، وجدان
_eمحرر
111 2 _aالندوة الدولية الثالثة للفنون الإسلامية ( الجمعية الملكية للفنون الجميلة : عمان : 1988 )
245 1 0 _aمشكلات التربية الفنية في الدول الإسلامية /
264 1 _aعمان :
_bوزارة الثقافة،
_c1992.
300 _a340ص
650 1 7 _aالفنون الإسلامية
650 1 7 _aالتربية الفنية
650 1 7 _aالبلدان الإسلامية
650 1 7 _aالفن الإسلامي
650 1 7 _aالإسلام
942 _2ddc
_cBK
999 _c50208
_d50208